000 00271nam a22001217a 4500
008 170414b xxu||||| |||| 00| 0 eng d
041 _aeng
080 _23 ED
_a618
100 _a10
101 _aSHM
245 _aMANUAL OBSTETRICS
_cNISWANDER.K.R
942 _2udc
_cBK
999 _c10781
_d10781